|
|
|
|
| LEADER |
02780nam a22005895i 4500 |
| 001 |
978-3-642-13529-3 |
| 003 |
DE-He213 |
| 005 |
20151204191331.0 |
| 007 |
cr nn 008mamaa |
| 008 |
100625s2010 gw | s |||| 0|eng d |
| 020 |
|
|
|a 9783642135293
|9 978-3-642-13529-3
|
| 024 |
7 |
|
|a 10.1007/978-3-642-13529-3
|2 doi
|
| 040 |
|
|
|d GrThAP
|
| 050 |
|
4 |
|a QA76.6-76.66
|
| 072 |
|
7 |
|a UM
|2 bicssc
|
| 072 |
|
7 |
|a COM051000
|2 bisacsh
|
| 082 |
0 |
4 |
|a 005.11
|2 23
|
| 245 |
1 |
0 |
|a Rough Sets and Current Trends in Computing
|h [electronic resource] :
|b 7th International Conference, RSCTC 2010, Warsaw, Poland, June 28-30,2010. Proceedings /
|c edited by Marcin Szczuka, Marzena Kryszkiewicz, Sheela Ramanna, Richard Jensen, Qinghua Hu.
|
| 264 |
|
1 |
|a Berlin, Heidelberg :
|b Springer Berlin Heidelberg,
|c 2010.
|
| 300 |
|
|
|a 771 p. 161 illus.
|b online resource.
|
| 336 |
|
|
|a text
|b txt
|2 rdacontent
|
| 337 |
|
|
|a computer
|b c
|2 rdamedia
|
| 338 |
|
|
|a online resource
|b cr
|2 rdacarrier
|
| 347 |
|
|
|a text file
|b PDF
|2 rda
|
| 490 |
1 |
|
|a Lecture Notes in Computer Science,
|x 0302-9743 ;
|v 6086
|
| 505 |
0 |
|
|a Keynote Talks -- RSCTC 2010 Discovery Challenge -- Clustering -- Multimedia and Telemedicine: Soft Computing Applications -- Combined Learning Methods and Mining Complex Data -- Rough Sets: Logical and Mathematical Foundations -- Rough Approximations: Foundations and Methodologies -- Machine Learning: Methodologies and Algorithms -- Multiagent Systems -- Emerging Intelligent Technologies and Net-Centric Applications -- Classification and Decision Support Applications -- Intelligent Methods in Optimization and Control -- Granularity and Granular Systems.
|
| 650 |
|
0 |
|a Computer science.
|
| 650 |
|
0 |
|a Computer programming.
|
| 650 |
|
0 |
|a Computers.
|
| 650 |
|
0 |
|a Database management.
|
| 650 |
|
0 |
|a Information storage and retrieval.
|
| 650 |
|
0 |
|a Artificial intelligence.
|
| 650 |
1 |
4 |
|a Computer Science.
|
| 650 |
2 |
4 |
|a Programming Techniques.
|
| 650 |
2 |
4 |
|a Artificial Intelligence (incl. Robotics).
|
| 650 |
2 |
4 |
|a Information Systems Applications (incl. Internet).
|
| 650 |
2 |
4 |
|a Database Management.
|
| 650 |
2 |
4 |
|a Computation by Abstract Devices.
|
| 650 |
2 |
4 |
|a Information Storage and Retrieval.
|
| 700 |
1 |
|
|a Szczuka, Marcin.
|e editor.
|
| 700 |
1 |
|
|a Kryszkiewicz, Marzena.
|e editor.
|
| 700 |
1 |
|
|a Ramanna, Sheela.
|e editor.
|
| 700 |
1 |
|
|a Jensen, Richard.
|e editor.
|
| 700 |
1 |
|
|a Hu, Qinghua.
|e editor.
|
| 710 |
2 |
|
|a SpringerLink (Online service)
|
| 773 |
0 |
|
|t Springer eBooks
|
| 776 |
0 |
8 |
|i Printed edition:
|z 9783642135286
|
| 830 |
|
0 |
|a Lecture Notes in Computer Science,
|x 0302-9743 ;
|v 6086
|
| 856 |
4 |
0 |
|u http://dx.doi.org/10.1007/978-3-642-13529-3
|z Full Text via HEAL-Link
|
| 912 |
|
|
|a ZDB-2-SCS
|
| 912 |
|
|
|a ZDB-2-LNC
|
| 950 |
|
|
|a Computer Science (Springer-11645)
|